000 00911cam a2200205 4500
001 WS118260
008 020531n 000 0 eng u
035 _a(Sirsi) u118260
110 _aCommunities Scotland
_94256
245 _aCommunities Scotland
520 _aWeb site for this body which works on behalf of government 'to promote social justice and tackle exclusion through the delivery of sustainable community regeneration'. Includes pages on regeneration, investment and regulation. Also links to draft Housing Market Context Statements for each Scottish county.
650 _aSCOTLAND
650 _aHOUSING MARKET CONTEXT STATEMENTS
650 _aHOUSING (SCOTLAND) ACT 2001
650 _aINVESTMENT
650 _aSOCIAL HOUSING
690 _aREGENERATION
856 4 0 _uhttps://www.communitiesscotland.gov.uk
_zView the website free of charge at www.communitiesscotland.gov.uk...
942 _n0
999 _c120056
_d120056